Peanuts Characters Quiz Stats

 Plays Quiz Updated Jun 26, 2018

Score 0/12 Timer 03:00
0 Plays Today
Character % Correct
Snoopy
99.3%
Charlie Brown
98.6%
Linus van Pelt
91%
Lucy van Pelt
89.2%
Woodstock
83%
Peppermint Patty
78.3%
Pig Pen
75.3%
Sally Brown
63%
Schroeder
54.2%
Marcie
47%
Franklin
26.2%
Rerun van Pelt
23.3%

You're not logged in!

Compare scores with friends on all Sporcle quizzes.
OR
Log In

Sporcle TV

Today on Sporcle TV


Watch our educational content, quiz creation guides, and fun videos on Sporcle TV.

Show Comments

Extras

Top Quizzes Today


Score Distribution

Your Account Isn't Verified!

In order to create a playlist on Sporcle, you need to verify the email address you used during registration. Go to your Sporcle Settings to finish the process.

Report this User

Report this user for behavior that violates our Community Guidelines.

Details: